Evaluation of land surfaces cleared from forests in the Mediterranean region during the time of the Roman Empire

Αποθηκεύτηκε σε:
Λεπτομέρειες βιβλιογραφικής εγγραφής
Άλλοι συγγραφείς: Frenzel, Burckhard (Επιμελητής έκδοσης)
Μορφή: Βιβλίο
Γλώσσα:English
Δημοσίευση: Stuttgart : Gustav Fischer Verlag, c1994
Σειρά:Palaoklimaforschung ; ; 10
ESF project, "European palaeoclimate and man" ; ; 5
Θέματα:
Ετικέτες: Προσθήκη ετικέτας
Δεν υπάρχουν, Καταχωρήστε ετικέτα πρώτοι!

MARC

LEADER 00000nam a2200000 i 4500
001 1/25371
008 981208s1994 eng d
020 |a 3-437-30773-8 
035 |l 10037318 
040 |a GR-MY-UA  |b gre  |e aacr 
041 0 |a eng 
082 0 |a 304.280937 
245 1 0 |a Evaluation of land surfaces cleared from forests in the Mediterranean region during the time of the Roman Empire /  |c edited by Burkhard Frenzel; co-edited by Ludwig Reisch & Mirjam M. Weiss 
260 |a Stuttgart :   |b Gustav Fischer Verlag,   |c c1994 
300 |a 170 p.  |b ill. 
490 1 |a Palaeoclimate research  |v ; 10  |x 0930-4673 
490 1 |a ESF project, "European palaeoclimate and man"  |v ; 5 
500 |a Special issue: ESF project European Palaeoclimate and man 5 
500 |a Summaries in English and French or German 
504 |a Includes bibliographical references  
650 0 0 |a Nature  |x Effect of human beings on  |z Mediterranean Region  |x History. 
650 0 0 |a Clearing of land  |z Mediterranean Region  |x History. 
650 0 0 |a Deforestation  |z Mediterranean Region  |x History. 
650 0 0 |a Land settlement patterns  |z Mediterranean Region  |x History. 
700 1 |a Frenzel, Burckhard.  |4 edt 
830 0 |a Palaoklimaforschung ;  |v ; 10  |x 0930-4673 
830 0 |a ESF project, "European palaeoclimate and man" ;  |v ; 5 
852 |a INST  |b LESVOS  |e 19981208  |h 304.280937 EVA  |p 005100018152  |q 005100018152  |t BK  |y 0 
901 |a BIBL-1999-1 
909 |a Λ  |b 060253 
922 |a 1ΕΛΗ  |b 199810  |c ΚΠΣ/ΤΓ  |d ΠΑΠΑΣΩΤΗΡΙΟΥ 
950 |a 118-1998-07-21